00616 2200229 4500001002100000005001700021008004100038035002400079082001100103090002100114100001100135245007400146250001100220260003800231300002400269650002300293700001800316850001600334980001500350985000600365999001500371YOGYA-0209000006766520090227092010.0 ind  0010-020900000067665 a028.55 a028.55bSuj RlK aSUJADI aRia jenaka membina lingkungan sehatcSudjadi ; ilustrasi Hidayat Said aCet. 2 aJakartabCipta Indah Aksarac1993 a96 hlmbilusc21 cm aBacaan kanak-kanak aSaid, Hidayat aYOPDYOG JSC a01-01-2009 a1 a95A0022740